| 000 | 00337 a2200145 4500 | ||
|---|---|---|---|
| 001 | 169655 | ||
| 020 | _a | ||
| 040 | _cMagnum | ||
| 100 | _a- | ||
| 240 | 1 | 0 |
_aPreguntas-respuestas para ninos: mi cuerpo _lESP |
| 245 | 1 | 0 | _aPreguntas-respuestas para ninos: mi cuerpo |
| 362 | 0 | _a1899 | |
| 697 | _aLITERATURA ESTRANGEIRA | ||
| 942 | _cBK | ||
| 999 |
_c169655 _d169655 |
||